[Event "Belgrade-B"]
[Site "Belgrade"]
[Date "1991.??.??"]
[Round "11"]
[White "Manic, Jovica"]
[Black "Grujic, Lazar"]
[Result "1-0"]
[WhiteElo "2350"]
[BlackElo "2365"]

1.d4 Nf6 2.Bg5 c5 3.d5 Qb6 4.Nc3 Qxb2 5.Bd2 Qb6 6.e4 e5 7.Rb1 Qd8 8.f4 d6
9.fxe5 dxe5 10.Nf3 Bd6 11.Be2 h6 12.O-O O-O 13.Qe1 Kh8 14.Nh4 a6 15.a4 b6
16.Nf5 Bxf5 17.Rxf5 Nbd7 18.Qg3 Ng8 19.Rbf1 Qe7 20.Rh5 Ndf6 21.Rh4 Nh7 22.Rh5 Ra7
23.Rhf5 g6 24.R5f2 Kg7 25.h4 c4 26.Kh1 Bc5 27.Rf3 Bd4 28.Bxc4 Qc5 29.Bb3 Qd6
30.Ne2 Bc5 31.Bc3 f6 32.Nc1 h5 33.Nd3 Re7 34.Rf5 Rd8 35.Rxh5 Bd4 36.Bd2 Rc7
37.Bb4 Bc5 38.Bd2 b5 39.axb5 axb5 40.Rhf5 Nh6 41.R5f3 Nf7 42.Nxc5 Qxc5 43.Ba5 b4
44.Bxc7 Qxc7 45.Ra1 Nd6 46.Qe1 Qc5 47.c3 Rb8 48.c4 Rc8 49.Qe3 Qxe3 50.Rxe3 Rc7
51.Ra6 Nxc4 52.d6  1-0

[Event "POL-chB"]
[Site "Bielsko-Biala"]
[Date "1991.??.??"]
[Round "4"]
[White "Persowski, Slawomir"]
[Black "Bojczuk, Zygmunt"]
[Result "0-1"]
[WhiteElo "2240"]
[BlackElo "2295"]

1.d4 Nf6 2.Bg5 g6 3.Bxf6 exf6 4.g3 Bg7 5.Bg2 O-O 6.e3 d6 7.Nd2 Nc6 8.Ne2 Re8
9.O-O h5 10.Nf3 Bg4 11.Qd2 a5 12.c3 Qd7 13.Rfe1 Bh6 14.Kh1 Bh3 15.Neg1 Bxg2+
16.Kxg2 Ne7 17.Qd3 f5 18.e4 f4 19.Ne2 fxg3 20.hxg3 a4 21.d5 Bg7 22.Rad1 Nc8
23.Ned4 Nb6 24.Re2 Re7 25.Nh4 Rae8 26.Rde1 Bf6 27.Nhf3 Kg7 28.b3 axb3 29.axb3 h4
30.Nh2 hxg3 31.Qxg3 Bxd4 32.cxd4 Nxd5 33.Qg5 Nf6 34.e5 dxe5 35.dxe5 Nh7 36.Qg3 Qf5
37.Nf3 Rh8 38.Rh1 Nf8 39.Rxh8 Kxh8 40.Qh4+ Kg8 41.Qxe7 Qg4+ 42.Kf1 Qxf3 43.Re3 Qh1+
44.Ke2 Ne6 45.Qb4 c5 46.Qe1 Nd4+ 47.Kd1 Qd5 48.Qd2 b5 49.Kc1 b4 50.Kb1 Kg7
51.Kb2 Qg2 52.Rd3 Qe4 53.f4 Ne6 54.Qe3 Qxe3 55.Rxe3 Nxf4 56.Kc2 g5 57.Kd2 Kg6  0-1

[Event "Bled op"]
[Site "Bled"]
[Date "1991.??.??"]
[Round "?"]
[White "Cander, Mitja"]
[Black "Gluzman, Mikhail"]
[Result "1-0"]
[WhiteElo "2225"]
[BlackElo "2400"]

1.d4 Nf6 2.Bg5 d5 3.Nd2 g6 4.Bxf6 exf6 5.e3 Bg7 6.Bd3 O-O 7.Qf3 c5 8.c3 cxd4
9.exd4 Nc6 10.Ne2 Rb8 11.a4 Bh6 12.h4 Qb6 13.b4 Nxb4 14.cxb4 Qxb4 15.Ra2 Kg7
16.O-O Bd7 17.Rb1 Qd6 18.Qg3 Qxg3 19.Nxg3 Rfc8 20.Nb3 b6 21.Ne2 Rc7 22.Nc5 Rbc8
23.Nxd7 Rxd7 24.a5 Rd6 25.axb6 axb6 26.Rab2 Rb8 27.Rb5 f5 28.Nc3 Kf8 29.Rxd5 Rxd5
30.Nxd5 Rd8 31.Bc4 Bg7 32.Rd1 h6 33.Nxb6 Rxd4 34.Rxd4 Bxd4 35.Nd5 h5 36.Kf1 Bc5
37.Ke2 Bd4 38.Kf3 Bc5 39.Nf4 Be7 40.g3 Bc5 41.Nh3 Bb6 42.Ng5 f6 43.Ne6+ Kf7
44.Nc7+ Kf8 45.Nd5 Bd4 46.Nf4  1-0

[Event "Cansys IM-Nov"]
[Site "Budapest"]
[Date "1991.??.??"]
[Round "2"]
[White "Orgovan, Sandor"]
[Black "Salus, Stephane"]
[Result "0-1"]
[WhiteElo "2330"]
[BlackElo "2205"]

1.d4 Nf6 2.Bg5 g6 3.Bxf6 exf6 4.Nf3 Bg7 5.g3 O-O 6.Bg2 Re8 7.O-O f5 8.Nbd2 d6
9.c3 Nd7 10.a4 Nf6 11.a5 Rb8 12.e3 Bd7 13.c4 c5 14.Qc2 Qe7 15.Rfd1 Bc6 16.d5 Bd7
17.Ra3 Ne4 18.Rb1 h5 19.h4 Bh6 20.Qd3 b5 21.axb6 axb6 22.Ra7 b5 23.Rba1 Qd8
24.R1a6 bxc4 25.Nxc4 Bb5 26.Rc6 Re7 27.Rxe7 Qxe7 28.Qb3 Qd8 29.Qc2 Bxc6 30.dxc6 Qc7
31.Ng5 d5 32.f3 Nxg3 33.Na3 Qxc6 34.Kf2 f4 35.exf4 Nf5 36.Bf1 c4  0-1

[Event "Cansys IM-Nov"]
[Site "Budapest"]
[Date "1991.??.??"]
[Round "3"]
[White "Gocheva, Rumiana B"]
[Black "Szollosi, Laszlo Jr"]
[Result "0-1"]
[WhiteElo "2220"]
[BlackElo "2320"]

1.d4 Nf6 2.Bg5 d5 3.Bxf6 gxf6 4.g3 c5 5.e3 Qb6 6.Nc3 cxd4 7.Qxd4 Qxd4 8.exd4 e6
9.Nb5 Kd8 10.Bg2 Bd7 11.Nc3 Nc6 12.O-O-O a6 13.Kb1 b5 14.Nf3 Bb4 15.Ne2 Bd6
16.Ne1 Kc7 17.Nd3 a5 18.Rc1 Rhb8 19.Rhd1 Kd8 20.Ndf4 Ra7 21.c3 a4 22.a3 Na5
23.Nd3 Nc4 24.Ka2 Ke7 25.Nef4 Kf8 26.Re1 Rc8 27.Nh5 Be7 28.Nb4 e5 29.Nxd5 Be6
30.Nxe7 Kxe7 31.d5 Bg4 32.Nf4 Rd8 33.Nd3 Kd6 34.Nb4 Rc7 35.f4 Re8 36.fxe5+ fxe5
37.h3 Bc8 38.g4 h5 39.Bf3 hxg4 40.hxg4 Rg8 41.Rg1 f6 42.Be2 Rcg7 43.Rcf1 f5
44.Rh1 f4 45.Rh6+ Rg6 46.g5 Rxh6 47.gxh6 Rh8 48.Rh1 Bf5 49.Rh5 Bg6 50.Rh4 Kc5
51.Nc6 Kd6 52.Na7 Kxd5 53.Nxb5 Nd2 54.c4+ Nxc4 55.Nc3+ Kd4 56.Nxa4 Nd2 57.Nc3 Bf7+
58.Ka1 Nb3+ 59.Kb1 Bg6+ 60.Ka2 Nc1+ 61.Ka1 Nb3+  0-1

[Event "Escom IM-B"]
[Site "Budapest"]
[Date "1991.??.??"]
[Round "10"]
[White "Stromer, Alexander"]
[Black "Bordas, Gyula"]
[Result "1-0"]
[WhiteElo "2240"]
[BlackElo "2310"]

1.d4 Nf6 2.Bg5 c5 3.Bxf6 gxf6 4.d5 Qb6 5.Qc1 Bg7 6.e3 f5 7.c3 e6 8.Ne2 h5
9.Na3 h4 10.Qc2 a6 11.Nf4 e5 12.Nc4 Qc7 13.d6 Qc6 14.Qxf5 exf4 15.O-O-O f6
16.Qg6+ Kf8 17.Ne5  1-0

[Event "Cappelle op"]
[Site "Cappelle la Grande"]
[Date "1991.??.??"]
[Round "?"]
[White "Jacobs, Byron A"]
[Black "Bus, Mariusz"]
[Result "0-1"]
[WhiteElo "2340"]
[BlackElo "2420"]

1.d4 d5 2.Bg5 Nf6 3.Bxf6 exf6 4.e3 Be6 5.Nd2 Be7 6.Bd3 f5 7.h3 Nd7 8.g4 fxg4
9.hxg4 c5 10.f4 cxd4 11.exd4 Nf6 12.f5 Bd7 13.Qe2 Qb6 14.O-O-O Qxd4 15.g5 Ng8
16.Ngf3 Qf4 17.Rh4 Qd6 18.Ne5 Bxg5 19.Rg4 Qe7 20.Rxg5 Qxg5 21.Ng6+ Ne7 22.Nxh8 Kf8
23.f6 Qxf6 24.Rf1 Nf5 25.Qf3 g6 26.Qxd5 Rd8 27.Bc4 Be6 28.Qc5+ Kg7 29.Ne4 Qd4
30.Bxe6 fxe6 31.Qxd4+ Rxd4 32.Ng5 Kxh8 33.Nxe6 Rc4 34.Rd1 Rc8 35.Rd7 Re8
36.Ng5 Re7 37.Rd8+ Kg7 38.Ra8 a6 39.Kd2 h5 40.c4 h4 41.b4 Kh6 42.Nf3 Kh5
43.Rd8 Kg4 44.Rd3 g5 45.b5 axb5 46.cxb5 Kf4 47.a4 g4  0-1

[Event "Cappelle op"]
[Site "Cappelle la Grande"]
[Date "1991.??.??"]
[Round "5"]
[White "Jacobs, Byron A"]
[Black "Kimpinsky, Frank"]
[Result "0-1"]
[WhiteElo "2340"]
[BlackElo "2285"]

1.d4 Nf6 2.Bg5 d5 3.c4 c6 4.Bxf6 exf6 5.e3 dxc4 6.Bxc4 Qa5+ 7.Nc3 Be7 8.Nf3 O-O
9.O-O Na6 10.a3 Nc7 11.b4 Qh5 12.Qb3 Bg4 13.Nd2 b5 14.Bd3 Bd6 15.f4 Be6 16.Qb2 f5
17.Nb3 Nd5 18.Nxd5 Bxd5 19.Qc2 Rfe8 20.Rae1 Re6 21.Nc1 Rae8 22.Qd2 Rg6 23.Rf2 Qh3
24.Bf1 Qh4 25.Ne2 Rge6 26.Nc3 Rh6 27.h3 Qg3 28.Nxd5 Rxh3 29.Nf6+ gxf6 30.Rf3 Qh2+
31.Kf2 Rxf3+ 32.Kxf3 h5 33.Rc1 h4 34.Qf2 Re4 35.Ke2 Bxf4 36.Rxc6 Rxe3+ 37.Kd1 Rxa3
38.Qb2 Qg3 39.Rc8+ Kg7 40.Be2 Rb3 41.Qc2 Qe3  0-1

[Event "Cetinje (Women)"]
[Site "Cetinje"]
[Date "1991.??.??"]
[Round "9"]
[White "Gocheva, Rumiana B"]
[Black "Bojkovic, Natasa"]
[Result "0-1"]
[WhiteElo "2220"]
[BlackElo "2340"]

1.d4 Nf6 2.Bg5 c5 3.Bxf6 gxf6 4.d5 f5 5.c4 Bg7 6.Qd2 d6 7.e3 Nd7 8.Nc3 a6
9.Nge2 Nf6 10.f3 h5 11.Nf4 h4 12.Be2 Nh5 13.Nxh5 Rxh5 14.f4 Rh6 15.O-O Qa5
16.Rab1 Bd7 17.a3 Rb8 18.Qc1 Qc7 19.Qc2 b5 20.cxb5 axb5 21.a4 bxa4 22.Nxa4 Qb7
23.Bc4 Bf6 24.b3 Kf8 25.Nc3 Ra8 26.Ne2 Rg6 27.e4 fxe4 28.Qxe4 Qb4 29.f5 Rg5
30.Kh1 Ra2 31.h3 Rg7 32.Nf4 Rg5 33.Nd3 Qc3 34.Rg1 Bxf5 35.Qf3 Bg6 36.Rbe1 Qd2
37.Nf4 Rg3 38.Nxg6+ fxg6 39.Rd1 Qb2 40.Rb1 Qc2 41.Bd3 Qxd3  0-1

[Event "Copenhagen op"]
[Site "Copenhagen"]
[Date "1991.??.??"]
[Round "2"]
[White "From, Sigfred"]
[Black "Kishnev, Sergey"]
[Result "0-1"]
[WhiteElo "2275"]
[BlackElo "2520"]

1.d4 Nf6 2.Bg5 c5 3.Bxf6 gxf6 4.d5 Qb6 5.Qc1 f5 6.c3 e6 7.g3 exd5 8.Bg2 d4
9.Nh3 Bh6 10.Nd2 O-O 11.O-O Re8 12.Re1 Qf6 13.Qc2 Nc6 14.Nf4 Bxf4 15.gxf4 d6
16.Qd3 Bd7 17.Nf3 Re4 18.e3 Rae8 19.cxd4 cxd4 20.Rad1 h6 21.Qa3 R4e6 22.b4 a6
23.h3 dxe3 24.fxe3 Kh7 25.Kh2 Rg8 26.Bh1 Qg7 27.Rg1 Rg6 28.Rxg6 Qxg6 29.Rg1 Qe6
30.Rd1 Qg6 31.Rg1 Qe6 32.Rd1 Qc4 33.Qd3 Qxa2+ 34.Rd2 Qe6 35.Nd4 Nxd4 36.Qxd4 Bc6
37.Bd5 Qg6 38.Qa1 Qg3+ 39.Kh1  0-1

[Event "Copenhagen op"]
[Site "Copenhagen"]
[Date "1991.??.??"]
[Round "8"]
[White "Rewitz, Poul"]
[Black "Lochte, Thomas"]
[Result "0-1"]
[WhiteElo "2205"]
[BlackElo "2250"]

1.d4 Nf6 2.Bg5 d5 3.Bxf6 gxf6 4.e3 c5 5.c3 e5 6.dxc5 Bxc5 7.Nd2 Nc6 8.Nb3 Bb6
9.Qf3 Be6 10.Ne2 h5 11.e4 dxe4 12.Qxe4 Qd7 13.Nec1 O-O-O 14.Be2 Rhg8 15.c4 f5
16.Qd3 Qe7 17.Qc3 e4 18.g3 Bc7 19.f4 exf3 20.Qxf3 Bxc4 21.Qxf5+ Kb8 22.Qxh5 Rg5
23.Qh4 Qb4+ 24.Kf2 Bb6+ 25.Kf1 Rf5+ 26.Kg2 Rf2+ 27.Kh3 Be6+ 28.Bg4 Bxg4+
29.Qxg4 Rh8+ 30.Qh4 Rxh4+  0-1

[Event "Corfu op"]
[Site "Corfu"]
[Date "1991.??.??"]
[Round "4"]
[White "Sokolov, Ivan"]
[Black "Grivas, Efstratios"]
[Result "1-0"]
[WhiteElo "2570"]
[BlackElo "2425"]

1.d4 Nf6 2.Bg5 g6 3.Nc3 d5 4.Bxf6 exf6 5.e3 c6 6.Qf3 f5 7.O-O-O Nd7 8.g4 Nf6
9.gxf5 Bxf5 10.Bh3 Be4 11.Nxe4 Nxe4 12.c3 Qh4 13.Rf1 Bd6 14.Bg2 Qe7 15.Qe2 O-O-O
16.f3 Ng5 17.e4 Bf4+ 18.Kb1 Rhe8 19.Qd3 Kb8 20.Ne2 Ne6 21.Bh3 Qh4 22.Bxe6 fxe6
23.Rfg1 Bc7 24.e5 c5 25.Rg4 Qf2 26.Nf4 c4 27.Qd1 Rd7 28.Ng2  1-0

[Event "CZE-ch"]
[Site "CSR"]
[Date "1991.??.??"]
[Round "5"]
[White "Jirovsky, Pavel"]
[Black "Pribyl, Martin"]
[Result "1/2-1/2"]
[WhiteElo "2335"]
[BlackElo "2305"]

1.d4 Nf6 2.Bg5 d5 3.e3 c5 4.Bxf6 gxf6 5.c3 Qb6 6.Qd2 e6 7.f4 f5 8.Nf3 Nd7
9.Qc2 Bd6 10.Nbd2 Nf6 11.Be2 Ng4 12.Nf1 cxd4 13.Nxd4 Nf6 14.Nd2 Bd7 15.O-O-O O-O-O
16.Rhg1 Kb8 17.Kb1 h5 18.N2f3 Ne4 19.Bd3 f6 20.Nh4 Nc5 21.Rc1 Nxd3 22.Qxd3 Rc8
23.Qe2 Rc4 24.g3  1/2-1/2

[Event "CZE-ch"]
[Site "CSR"]
[Date "1991.??.??"]
[Round "11"]
[White "Jirovsky, Pavel"]
[Black "Sykora, Robert"]
[Result "1-0"]
[WhiteElo "2335"]
[BlackElo "2265"]

1.d4 Nf6 2.Bg5 g6 3.Bxf6 exf6 4.Nf3 Bg7 5.e3 O-O 6.Be2 f5 7.O-O d6 8.c4 Nd7
9.Nc3 Nf6 10.Qc2 Re8 11.Bd3 Bd7 12.Rac1 c6 13.b4 Qe7 14.Rb1 Ne4 15.c5 Nxc3
16.Qxc3 a6 17.a4 d5 18.b5 axb5 19.axb5 g5 20.bxc6 bxc6 21.Rb7 g4 22.Nd2 Qe6
23.Qc2 Rab8 24.Rxd7 Qxd7 25.Bxf5 Qe7 26.Bxg4 Rb4 27.Nf3 Ra8 28.g3 Rba4 29.Qf5 Bf6
30.Qd7 Qxd7 31.Bxd7 R4a6 32.Kg2 Rd8 33.Bf5 Rb8 34.Rd1 h6 35.Rd2 Kf8 36.Ne1 Ke7
37.Nd3 Kd8 38.Kf3 Kc7 39.h4 Rg8 40.Kf4 Kd8 41.Nb4  1-0

[Event "DEN-chT"]
[Site "DEN"]
[Date "1991.??.??"]
[Round "7"]
[White "Brautsch, Soren"]
[Black "Hamann, Svend"]
[Result "0-1"]
[WhiteElo "2230"]
[BlackElo "2380"]

1.d4 Nf6 2.Bg5 d5 3.Nd2 c6 4.e3 Bf5 5.Bxf6 exf6 6.Be2 Qb6 7.b3 Ba3 8.Ngf3 Na6
9.Nh4 Be6 10.Bg4 g6 11.O-O f5 12.Be2 Qa5 13.g4 fxg4 14.Bxg4 Bxg4  0-1

[Event "ENG-ch m rapid15"]
[Site "ENG"]
[Date "1991.??.??"]
[Round "6"]
[White "Adams, Michael"]
[Black "Short, Nigel D"]
[Result "0-1"]
[WhiteElo "2615"]
[BlackElo "2660"]

1.d4 Nf6 2.Bg5 g6 3.Bxf6 exf6 4.h4 f5 5.h5 Bg7 6.e3 d6 7.Bc4 Nd7 8.Ne2 Nb6
9.Bb3 Bd7 10.Nbc3 Qe7 11.a4 a5 12.Nf4 c6 13.Qd2 Bf6 14.O-O-O d5 15.g4 fxg4
16.e4 Bg5 17.exd5 Qf6 18.Ne4 Qxf4 19.Nxg5 Qxd2+ 20.Kxd2 cxd5 21.Rde1+ Kf8
22.hxg6 fxg6 23.Rxh7 Rxh7 24.Nxh7+ Kf7 25.Re5 Re8 26.Bxd5+ Kg7 27.Bxb7 Nc4+  0-1

[Event "NLD-ch sf"]
[Site "Enschede"]
[Date "1991.??.??"]
[Round "4"]
[White "Vanheste, Jeroen"]
[Black "Hoeksema, Hendrik Pieter"]
[Result "0-1"]
[WhiteElo "2385"]
[BlackElo "2390"]

1.d4 Nf6 2.Bg5 d5 3.Bxf6 gxf6 4.c4 c6 5.e3 e6 6.Nc3 Nd7 7.Nf3 dxc4 8.Bxc4 b5
9.Bb3 a6 10.O-O Bb7 11.e4 c5 12.d5 c4 13.dxe6 fxe6 14.Nd4 Qb6 15.Qh5+ Ke7
16.Rad1 cxb3 17.Rfe1 Ne5 18.f4 Rd8 19.fxe5 Rxd4 20.exf6+ Kd8 21.Kh1 Bc5 22.Ne2 Rd6
23.Nf4 Kc8 24.Rc1 Rc6 25.Ng6 hxg6 26.Qxh8+ Qd8 27.Qg7 Bd4 28.Qxg6 Qxf6 29.Qe8+ Kc7
30.e5 Qg5 31.Rcd1 Rc2 32.Qf7+ Kb8 33.Qf8+ Ka7  0-1

[Event "Forli op"]
[Site "Forli"]
[Date "1991.??.??"]
[Round "9"]
[White "Motwani, Paul"]
[Black "Langeweg, Kick"]
[Result "1/2-1/2"]
[WhiteElo "2425"]
[BlackElo "2415"]

1.d4 Nf6 2.Bg5 d5 3.Bxf6 exf6 4.e3 c6 5.c4 dxc4 6.Bxc4 Bd6 7.Nc3 O-O 8.Nge2 Nd7
9.O-O f5 10.f3 b5 11.Bb3 b4 12.Na4 Qe7 13.Qd2 Ba6 14.Rfe1  1/2-1/2

[Event "FRA-chT"]
[Site "FRA"]
[Date "1991.??.??"]
[Round "?"]
[White "Klaric, Zlatko"]
[Black "Spassky, Boris V"]
[Result "1/2-1/2"]
[WhiteElo "2395"]
[BlackElo "2560"]

1.d4 Nf6 2.Bg5 d5 3.e3 Bg4 4.f3 Bf5 5.Bd3 Bg6 6.Nc3 Nbd7 7.e4 dxe4 8.fxe4 e5
9.Qe2 Bb4 10.a3 Ba5 11.d5 Bxc3+ 12.bxc3 c6 13.c4 Qa5+ 14.Bd2 Qa4 15.Rb1 O-O
16.Nf3 cxd5  1/2-1/2

[Event "BL2-SW9091"]
[Site "Germany"]
[Date "1991.??.??"]
[Round "?"]
[White "Werner, Clemens"]
[Black "Osieka, Udo"]
[Result "1-0"]
[WhiteElo "2270"]
[BlackElo "2235"]

1.d4 Nf6 2.Bg5 g6 3.Bxf6 exf6 4.e3 d5 5.c4 dxc4 6.Bxc4 Bg7 7.Nf3 O-O 8.Nc3 Nd7
9.O-O Nb6 10.Bb3 Qe7 11.Rc1 Rd8 12.Qe2 Bg4 13.h3 Bxf3 14.Qxf3 c6 15.g4 Rac8
16.Rfd1 Rd7 17.Ne4 Re8 18.Ng3 Rc8 19.Rc2 Re8 20.a3 Nc8 21.Rdc1 Nd6 22.Rc5 Kf8
23.Kg2 a6 24.Ba2 Kg8 25.b4 Bf8 26.Bb1 Qe6 27.R5c3 Qd5 28.Qxd5 cxd5 29.Ba2 Nb5
30.Rd3 Ra8 31.Rc2 Kg7 32.Ne2 Nc7 33.Rdc3 Bd6 34.a4 Ra7 35.Rb3 Kf8 36.Rb1 Ke7
37.Nc3 b6 38.Bxd5 Bxb4 39.Rxb4 Nxd5 40.Nxd5+ Rxd5 41.Rxb6 Ra5 42.Rc4 h6 43.e4 h5
44.f4 hxg4 45.hxg4 f5 46.gxf5 gxf5 47.e5 Rd5 48.Kf3 Rdd7 49.Ke3 Ra8 50.Rf6 Rh8
51.Rxf5 Rh3+ 52.Ke4  1-0

[Event "Giessen op"]
[Site "Giessen"]
[Date "1991.??.??"]
[Round "5"]
[White "Naumann, Frank"]
[Black "Farago, Ivan"]
[Result "0-1"]
[WhiteElo "2280"]
[BlackElo "2495"]

1.d4 Nf6 2.Bg5 d5 3.Bxf6 gxf6 4.g3 c5 5.c3 e5 6.dxe5 fxe5 7.Bg2 d4 8.Nf3 Bg7
9.O-O O-O 10.cxd4 cxd4 11.Nbd2 Nc6 12.Rc1 Be6 13.a3 Rc8 14.Qa4 Bh6 15.Rfd1 Qa5
16.Qc2 Ne7 17.Qb1 Bf5 18.Qa1 Bc2 19.b4 Qa6 20.Rf1 Qxe2 21.Rfe1 Qd3 22.Rxe5 Ng6
23.Rd5 Bxd2 24.Rxd4 Bxc1 25.Rxd3 Bxd3 26.h4 Rfd8 27.h5 Bh6 28.Qf6 Bg7 29.Qg5 h6
30.Qe3 Nf8 31.Qxa7 b5 32.Bh3 Rc1+ 33.Kh2 Re8  0-1

[Event "Graz zt (Women)"]
[Site "Graz"]
[Date "1991.??.??"]
[Round "?"]
[White "Podrazhanskaya, Olga"]
[Black "Weiss, Ursula"]
[Result "0-1"]
[WhiteElo "2100"]
[BlackElo "2055"]

1.d4 Nf6 2.Bg5 g6 3.Bxf6 exf6 4.e3 Bg7 5.Ne2 O-O 6.Nf4 f5 7.h4 h6 8.Bc4 Kh7
9.Nd2 c6 10.Nf3 d5 11.Bb3 Nd7 12.c4 Nf6 13.Ne5 Qa5+ 14.Kf1 Kg8 15.Rc1 Ne4
16.cxd5 Nd2+ 17.Ke2 Nxb3 18.Qxb3 g5 19.hxg5 hxg5 20.Nfd3 cxd5 21.Rc5 Qa6
22.Rc7 Qd6 23.Rhc1 f4 24.exf4 gxf4 25.Kf1 Qh6 26.Qxd5 Be6 27.Qf3 Rad8 28.Nxf4 Rxd4
29.Nxe6 fxe6 30.Qg3 Rd2 31.Kg1 Rdxf2 32.Ng4 Qf4 33.Qxf4 R2xf4 34.Rxg7+ Kxg7
35.Rc7+ R8f7 36.Rxf7+ Rxf7 37.Ne5 Rc7 38.Nd3 Rc2 39.Kf1 Rd2 40.Nc5 Rxb2  0-1

[Event "Groningen op"]
[Site "Groningen"]
[Date "1991.??.??"]
[Round "7"]
[White "Pomes Marcet, Juan"]
[Black "Wehmeier, Stefan"]
[Result "1-0"]
[WhiteElo "2410"]
[BlackElo "2315"]

1.d4 Nf6 2.Bg5 c5 3.Bxf6 gxf6 4.d5 Qb6 5.Qc1 Bg7 6.c3 O-O 7.Na3 f5 8.e3 Qf6
9.Ne2 a6 10.Ng3 Bh6 11.Qd1 b5 12.Qf3 f4 13.Nh5 Qd6 14.Nxf4 Bb7 15.Rd1 Qf6
16.Nh5 Qxf3 17.gxf3 Kh8 18.Rg1 e6 19.c4 exd5 20.cxd5 d6 21.Bh3 Rd8 22.Rg3 Nd7
23.Bf5 Nb6 24.Rh3 Rg8 25.Nf6 Rg5 26.e4 Rg1+ 27.Ke2 Rxd1 28.Kxd1 Kg7 29.Ng4 Bf4
30.Rxh7+ Kf8 31.Be6 fxe6 32.dxe6 Bg5 33.Rxb7 Na4 34.Rf7+ Kg8 35.f4 Bh4 36.Nh6+ Kh8
37.e7  1-0

[Event "Hajduszoboszlo zt (Women)"]
[Site "Hajduszoboszlo"]
[Date "1991.??.??"]
[Round "2"]
[White "Gocheva, Rumiana B"]
[Black "Foisor, Cristina Adela B"]
[Result "1-0"]
[WhiteElo "2235"]
[BlackElo "2305"]

1.d4 Nf6 2.Bg5 g6 3.Bxf6 exf6 4.e3 Bg7 5.g3 f5 6.Bg2 d6 7.Ne2 Nd7 8.Nd2 Nf6
9.c4 O-O 10.O-O Rb8 11.Qc2 c5 12.Rab1 Bd7 13.b4 cxd4 14.Nxd4 Qe7 15.a4 Rfc8
16.Qa2 Ne4 17.Nxe4 fxe4 18.Rfd1 a6 19.a5 h5 20.b5 Bg4 21.Rd2 Qc7 22.Bxe4 Bxd4
23.Rxd4 Be6 24.Bd5 Bxd5 25.Rxd5 Ra8 26.Rb4 b6 27.axb6 Qxb6 28.Qb2 axb5 29.Rdxb5 Qa6
30.Kg2 Qc6+ 31.Rd5 Ra6 32.Qd4 Ra2 33.e4 Ra6 34.h4 Re8 35.Kh2 Rc8 36.Rdb5 Re8
37.Rb8 Ra8 38.Rxa8 Qxa8 39.Qxd6 Qxe4 40.Rb8 Rxb8 41.Qxb8+ Kg7 42.Qf4 Qc6
43.Qe5+ Kf8 44.c5 Qf3 45.Qd6+ Ke8 46.Kg1 Qb3 47.c6 Qb1+ 48.Kh2 Qc2 49.Qf6 Qc5
50.Kg1 Qc1+ 51.Kg2 Qc5 52.Kh2 Kf8 53.g4 hxg4 54.Kg3 Ke8 55.Kxg4 Qd5 56.Qf3 Qc4+
57.Kg5 Qc5+ 58.Kh6 Kf8 59.Kh7 g5 60.Qf6 Qc2+ 61.Kh8 Qd1 62.hxg5  1-0

[Event "Hallsberg op"]
[Site "Hallsberg"]
[Date "1991.??.??"]
[Round "?"]
[White "Hall, Jesper"]
[Black "Georgiev, Vladimir"]
[Result "1-0"]
[WhiteElo "2315"]
[BlackElo "2290"]

1.d4 Nf6 2.Bg5 g6 3.Bxf6 exf6 4.e3 Bg7 5.Bd3 d5 6.Qf3 O-O 7.Ne2 c6 8.Nd2 Nd7
9.g4 a5 10.h4 Re8 11.h5 b6 12.Nf4 Ne5 13.dxe5 fxe5 14.hxg6 hxg6 15.Nxg6 e4
16.Nxe4 fxg6 17.O-O-O a4 18.a3 b5 19.g5 dxe4 20.Bc4+ bxc4 21.Rxd8 exf3 22.Rxe8+ Kf7
23.Re4 c3 24.bxc3 Be6 25.Rhh4 Rd8 26.Rhf4+ Ke7 27.Rxa4 Bxc3 28.Ra7+ Ke8 29.Rb7 Bd2+
30.Kb2 Bf5 31.Rxf3 Rd5 32.Rf4 Ba5 33.e4 Rd4 34.Rh4 Bd7 35.Rh7 Bd8 36.e5 Bxg5
37.e6 Bf6 38.exd7+ Rxd7+ 39.Kb3  1-0

[Event "Hartberg op"]
[Site "Hartberg"]
[Date "1991.??.??"]
[Round "5"]
[White "Insam, Heinz"]
[Black "Sermek, Drazen"]
[Result "0-1"]
[WhiteElo "2250"]
[BlackElo "2440"]

1.d4 Nf6 2.Bg5 g6 3.Nd2 Bg7 4.e3 d5 5.Bd3 O-O 6.c3 c5 7.f4 Qb6 8.Rb1 Ng4
9.Qf3 Qe6 10.f5 gxf5 11.h3 Nf6 12.Bxf6 Bxf6 13.g4 cxd4 14.cxd4 Bxd4 15.Kf2 Bg7
16.gxf5 Qf6 17.Ne2 Nc6 18.Ng3 Ne5 19.Qxd5 Be6 20.Qe4 Rfd8 21.Ke2 Bd5 22.Nh5 Qh6
23.Qh4 Bxh1 24.Rg1 Rxd3 25.Rxg7+ Qxg7 26.Nxg7 Rxd2+ 27.Kf1 Bg2+  0-1

[Event "Hartberg op"]
[Site "Hartberg"]
[Date "1991.??.??"]
[Round "8"]
[White "Klinger, Josef"]
[Black "Gyorkos, Lajos"]
[Result "1/2-1/2"]
[WhiteElo "2470"]
[BlackElo "2440"]

1.d4 Nf6 2.Bg5 g6 3.Nc3 d5 4.Bxf6 exf6 5.e4 dxe4 6.Nxe4 f5 7.Nc3 Bg7 8.Qe2+ Qe7
9.Qxe7+ Kxe7 10.O-O-O Rd8  1/2-1/2

[Event "Hastings Challengers9192"]
[Site "Hastings"]
[Date "1991.??.??"]
[Round "?"]
[White "Tseitlin, Mikhail S"]
[Black "Morris, Philip"]
[Result "1-0"]
[WhiteElo "2480"]
[BlackElo "2385"]

1.d4 Nf6 2.Bg5 d5 3.Bxf6 gxf6 4.e3 e6 5.c4 c6 6.Nc3 Nd7 7.Rc1 a6 8.Nf3 Bd6
9.e4 dxe4 10.Nxe4 Bb4+ 11.Nc3 Nb6 12.a3 Bxc3+ 13.Rxc3 Bd7 14.Re3 Qc7 15.Be2 O-O-O
16.O-O e5 17.dxe5 Bg4 18.Qc2 Bxf3 19.Bxf3 fxe5 20.c5 Nd5 21.Qf5+ Kb8 22.Rxe5 Ne7
23.Qf6 Ng6 24.Re4 Rhe8 25.Rfe1 Rxe4 26.Rxe4 Ka7 27.g3 Rd5 28.b4 Re5 29.h4 Rxe4
30.Bxe4 Qd7 31.Kg2 Qe8 32.f3 h6 33.h5 Qe7 34.Qg7 Qf8 35.Qd4 Ne7 36.Qf6 Ng8
37.Qh8 Qd8 38.Qg7 Qd2+ 39.Kh3 Ne7 40.Qxf7 Nd5 41.Bxd5  1-0

[Event "Hastings9192"]
[Site "Hastings"]
[Date "1991.??.??"]
[Round "13"]
[White "Hodgson, Julian M"]
[Black "Chandler, Murray G"]
[Result "0-1"]
[WhiteElo "2570"]
[BlackElo "2605"]

1.d4 Nf6 2.Bg5 c5 3.d5 Ne4 4.Bf4 Qb6 5.Nd2 Qxb2 6.Nxe4 Qb4+ 7.Qd2 Qxe4 8.e3 e6
9.c4 e5 10.f3 Qf5 11.Bd3 Qf6 12.Bg3 e4 13.Rb1 exd3 14.Qxd3 d6 15.Ne2 Nd7
16.Nc3 Be7 17.O-O Ne5 18.Qc2 O-O 19.f4 Qg6 20.e4 Nxc4 21.Qe2 b5 22.Nxb5 Nb6
23.f5 Qh6 24.Bf4 Qf6 25.Nc7 Rb8 26.g4 Qd4+ 27.Kh1 Bd7 28.g5 Na4 29.Rxb8 Rxb8
30.f6 Nc3 31.Qf3 Bf8 32.fxg7 Bxg7 33.Bd2 Rf8 34.Bxc3 Qxc3 35.Qe2 Qa5 36.Ne6  0-1

[Event "Helsinki op"]
[Site "Helsinki"]
[Date "1991.??.??"]
[Round "?"]
[White "Veingold, Aleksandr"]
[Black "Manninen, Marko"]
[Result "1/2-1/2"]
[WhiteElo "2465"]
[BlackElo "2310"]

1.d4 Nf6 2.Bg5 d5 3.Nf3 c5 4.dxc5 e6 5.e3 Nc6 6.Nbd2 Bxc5 7.a3 a5 8.c4 Be7
9.cxd5 Nxd5 10.Bxe7 Qxe7 11.Bc4 O-O 12.O-O Rd8 13.Qb3 a4 14.Qc2 Bd7 15.Rac1 Ra5
16.Rfd1 Nf6 17.Ne4 Nxe4 18.Qxe4 Rc5 19.h4 g6 20.Qf4 b5 21.Ba2 Be8 22.Re1 Rf5
23.Qe4 Qf6 24.Re2 Ne5 25.Nxe5 Rxe5 26.Qg4 b4 27.Qxb4 Rh5 28.Qf4 Qxf4 29.exf4  1/2-1/2

[Event "Helsinki op"]
[Site "Helsinki"]
[Date "1991.??.??"]
[Round "?"]
[White "Johansson, Jan"]
[Black "Kanko, Ilkka"]
[Result "1-0"]
[WhiteElo "2415"]
[BlackElo "2310"]

1.d4 Nf6 2.Bg5 c5 3.Nc3 cxd4 4.Qxd4 Nc6 5.Qh4 e6 6.O-O-O Be7 7.e4 Qa5 8.f4 d6
9.Nf3 Bd7 10.Bb5 a6 11.Bxc6 Bxc6 12.e5 dxe5 13.fxe5 Ng8 14.Qg3 Rc8 15.Kb1 Bxg5
16.Qxg5 Ne7 17.Qxg7 Rg8 18.Qxh7 Rxg2 19.Rhf1 Ba4 20.Ne1  1-0

[Event "Hessen-Baden"]
[Site "Hessen"]
[Date "1991.??.??"]
[Round "?"]
[White "Gerstner, Wolfgang"]
[Black "Zude, Arno"]
[Result "0-1"]
[WhiteElo "2385"]
[BlackElo "2385"]

1.d4 Nf6 2.Bg5 d5 3.Nf3 e6 4.e3 Be7 5.c4 O-O 6.Nc3 Nbd7 7.Qc2 c5 8.dxc5 Nxc5
9.Rd1 Qa5 10.cxd5 exd5 11.Rd2 Nce4 12.Rd4 h6 13.Bh4 Be6 14.Ra4 Qc5 15.Bd3 Rfc8
16.Bxe4 dxe4 17.Nd2 b5 18.Bxf6 gxf6 19.Rxe4 f5 20.Rxe6 fxe6 21.Qb3 Kf7 22.Qd1 Bf6
23.Qh5+ Ke7 24.O-O Bxc3 25.bxc3 Qxc3 26.Nf3 Qg7 27.Nd4 Rc5 28.Rd1 Qg4 29.Qxg4 fxg4
30.f4 gxf3 31.gxf3 Rg8+ 32.Kf2 Rh5 33.e4 Rxh2+ 34.Ke3 Rc8 35.Nxb5 Rxa2 36.Rh1 Rc5
37.Nd4 h5 38.Rb1 Kf6 39.Rb3 Rca5  0-1

[Event "CUB-ch"]
[Site "Holguin"]
[Date "1991.??.??"]
[Round "1"]
[White "Calderin, Roberto"]
[Black "Gavilanes, Antonio"]
[Result "1/2-1/2"]
[WhiteElo "2345"]
[BlackElo "2270"]

1.d4 Nf6 2.Bg5 c5 3.d5 Ne4 4.Bf4 d6 5.f3 Nf6 6.e4 g6 7.Nc3 Bg7 8.Qd2 O-O
9.Nge2 a6 10.a4 Qa5 11.Nc1 Nbd7 12.Be2 Rb8 13.O-O c4 14.Bh6 Bxh6 15.Qxh6 Qb6+
16.Kh1 Qxb2 17.N1a2 Qa3 18.Qe3 Qc5 19.Qxc5 Nxc5 20.Bxc4 Bd7 21.a5 Rfc8  1/2-1/2

[Event "HUN-ch"]
[Site "HUN"]
[Date "1991.??.??"]
[Round "6"]
[White "Tolnai, Tibor"]
[Black "Lukacs, Peter"]
[Result "1/2-1/2"]
[WhiteElo "2480"]
[BlackElo "2500"]

1.d4 Nf6 2.Bg5 d5 3.Bxf6 exf6 4.Nc3 f5 5.e3 c6 6.Bd3 g6 7.Nge2 Bd6 8.Qd2 Nd7
9.O-O-O Nf6 10.f3 Qe7 11.Rde1 O-O 12.Ng3 Qc7 13.Kb1 f4 14.e4 dxe4 15.Ngxe4 Nxe4
16.fxe4 Qb6 17.Bc4 Bb4 18.Rhf1 Be6 19.Bb3 Rad8 20.Rd1 Bg4 21.Qxf4 Bxc3 22.Qxg4 Bxd4
23.c3 Be5 24.h4 Rxd1+ 25.Rxd1 Qe3 26.h5 Kg7 27.a3 b5 28.hxg6  1/2-1/2